Резюме, как один из методов самоменеджмента; Энергия молодых - экономике России; [Ч. 1]

Bibliografiske detaljer
Parent link:Энергия молодых - экономике России: труды VIII Международной научно-практической конференции студентов и молодых ученых, г. Томск, 19-22 марта 2007 г./ Томский политехнический университет (ТПУ) ; Вольное экономическое общество России (ВЭО России) ; Международный союз экономистов (МСЭ).— , 2007
[Ч. 1].— 2007.— С. 588-589
Hovedforfatter: Смолькина Е. Ю.
Andre forfattere: Коваленко А. В. Антонина Владимировна (научный руководитель)
Sprog:russisk
Udgivet: 2007
Fag:
Format: MixedMaterials Book Chapter
KOHA link:https://koha.lib.tpu.ru/cgi-bin/koha/opac-detail.pl?biblionumber=133618

MARC

LEADER 00000naa2a2200000 4500
001 133618
005 20231031135407.0
035 |a (RuTPU)RU\TPU\book\144820 
090 |a 133618 
100 |a 20080319d2007 k y0rusy50 ca 
101 0 |a rus 
102 |a RU 
200 1 |a Резюме, как один из методов самоменеджмента  |f Е. Ю. Смолькина  |g науч. рук. А. В. Коваленко 
320 |a Библиогр.: 3 назв. 
461 0 |0 (RuTPU)RU\TPU\book\169966  |t Энергия молодых - экономике России  |o труды VIII Международной научно-практической конференции студентов и молодых ученых, г. Томск, 19-22 марта 2007 г.  |f Томский политехнический университет (ТПУ) ; Вольное экономическое общество России (ВЭО России) ; Международный союз экономистов (МСЭ)  |d 2007 
463 0 |0 (RuTPU)RU\TPU\book\136477  |t [Ч. 1]  |v С. 588-589  |d 2007 
610 1 |a самоменеджмент 
610 1 |a резюме 
610 1 |a рынок труда 
610 1 |a трудоустройство 
610 1 |a работодатели 
610 1 |a кадры 
610 1 |a выпускники 
610 1 |a труды учёных ТПУ 
700 1 |a Смолькина  |b Е. Ю. 
702 1 |a Коваленко  |b А. В.  |c специалист в области психологии и педагогики  |c доцент Томского политехнического университета, кандидат философских наук  |f 1947-  |g Антонина Владимировна  |2 stltpush  |4 727 
801 1 |a RU  |b 63413507  |c 20080319  |g PSBO 
801 2 |a RU  |b 63413507  |c 20161010  |g RCR 
942 |c BK